| 000 | 00616nam a22002294a 4500 | ||
|---|---|---|---|
| 001 | UByD003385 | ||
| 003 | AR-LpoUNG | ||
| 005 | 20241126143721.0 | ||
| 008 | 241126s1979 ag ||||| |||| 00| 0 spa d | ||
| 040 |
_aAR-LpoUNG _bspa _cAR-LpoUNG _eaacr |
||
| 041 | 0 | _aspa | |
| 082 | 0 | _a808.068 3 643jar | |
| 100 | 1 | _aGonzález Carbalho, José | |
| 245 | 1 | 0 | _aJardín perdido |
| 260 |
_aBuenos Aires : _bPlus Ultra, _c1979. |
||
| 300 | _a141 p. | ||
| 505 | _aSugerido a partir de 12 años (etiqueta FUCSIA). | ||
| 650 | 4 | _aLITERATURA | |
| 650 | 4 | _aNARRATIVA | |
| 653 | 0 | _aLITERATURA INFANTOJUVENIL | |
| 942 |
_2ddc _cLIB |
||
| 999 |
_c66061 _d66061 |
||